| 000 | 01103cas a22003497a 4500 | ||
|---|---|---|---|
| 005 | 20220329142320.0 | ||
| 008 | 000614u us mr pernn 0 b1spa d | ||
| 010 | _a81546 | ||
| 011 | _a82518 | ||
| 035 | _a93016 | ||
| 245 | 0 | 0 | _aCaminos y construcción pesada |
| 260 | 0 |
_aChicago, Ill. : _bGillette Group, _c1940?- |
|
| 300 | _av. | ||
| 310 | _aMensual | ||
| 362 | _av.23 n.6,1964. | ||
| 590 |
_aBATCH-UPD _b10 _c20130110 _lUCH01 _h0744 |
||
| 590 |
_aBATCH-UPD _b10 _c20130410 _lUCH01 _h0426 |
||
| 590 |
_aBATCH-UPD _b10 _c20130914 _lUCH01 _h0825 |
||
| 590 |
_aCONVERSION _b10 _c20130109 _lUCH01 _h1345 |
||
| 650 | 1 | 4 |
_aCaminos _xPublicaciones periódicas. _917868 |
| 650 | 1 | 4 |
_aConstrucción _xPublicaciones periódicas. _927389 |
| 866 | _av.14 n.1,3-12 (1955) | ||
| 866 | _av.15 n.1-12 (1956) | ||
| 866 | _av.16 n.1-2,4-5 (1957) | ||
| 866 | _av.17 n.3,6-7,11 (1958) | ||
| 866 | _av.18 n.3 (1959) | ||
| 866 | _av.19 n.1 (1960) | ||
| 866 | _av.21 n.1,11 (1962) | ||
| 866 | _av.23 n.3,6,9 (1964) | ||
| 901 | _aSE | ||
| 905 | _aLilia Sánchez G. | ||
| 999 |
_c81546 _d81546 |
||